The bioinorganic chemistry of chromium /

Bibliographic Details
Main Author: Vincent, John B. (John Bertram)
Format: eBook
Language:English
Published: Chichester, West Sussex : John Wiley & Sons, 2013.
Series:Wiley Online Library.
Subjects:
Online Access:Connect to the full text of this electronic book

MARC

Tag First Indicator Second Indicator Subfields
LEADER 00000cam a22000008a 4500
001 in00002785399
005 20210728124957.0
006 m o d
007 cr |n|---|||||
008 120606s2013 enka ob 001 0 eng
010 |a  2012023201 
019 |a 813536446  |a 817829553 
020 |a 1118458834 (electronic bk.) 
020 |a 1118458893 
020 |a 1283665131 
020 |a 6613977632 
020 |a 9781118458839 (electronic bk.) 
020 |a 9781118458891 
020 |a 9781283665131 
020 |a 9786613977632 
020 |z 1118458842 
020 |z 1118458850 
020 |z 9781118458846 
020 |z 9781118458853 
020 |z 9781617036828 (cloth : alk. paper) 
035 |a (OCoLC)794973805  |z (OCoLC)813536446  |z (OCoLC)817829553 
035 |a (OCoLC)ocn794973805 
035 |a 4035786 
040 |a DLC  |b eng  |c DLC  |d OCLCO  |d N$T  |d IDEBK  |d CUS  |d EBLCP  |d TXA  |d UtOrBLW 
042 |a pcc 
049 |a TXAM 
050 4 |a QD181.C7  |b V56 2013eb 
060 1 0 |a QV 290 
072 7 |a MED  |x 071000  |2 bisacsh 
082 0 0 |a 615.2532  |2 23 
100 1 |a Vincent, John B.  |q (John Bertram)  |0 http://id.loc.gov/authorities/names/no89015555 
245 1 4 |a The bioinorganic chemistry of chromium /  |c John B. Vincent. 
263 |a 1301 
264 1 |a Chichester, West Sussex :  |b John Wiley & Sons,  |c 2013. 
300 |a 1 online resource (xiii, 225 pages) :  |b illustrations 
336 |a text  |b txt  |2 rdacontent 
337 |a computer  |b c  |2 rdamedia 
338 |a online resource  |b cr  |2 rdacarrier 
500 |a Electronic resource. 
504 |a Includes bibliographical references and index. 
505 0 |a Introduction the current status of chromium(III) -- Is chromium essential? : the evidence -- The story of glucose tolerance factor (GTF) -- Is chromium effective as a nutraceutical? -- Is chromium effective as a therapeutic agent? -- Biochemical mechanisms -- Menagerie of chromium supplements -- Potential use of chromium in the farm livestock industry -- Toxicology of chromium(III). 
588 |a Description based on print version record and CIP data provided by publisher. 
650 0 |a Chromium.  |0 http://id.loc.gov/authorities/subjects/sh85025350 
650 2 |a Chromium  |x chemistry.  |0 https://id.nlm.nih.gov/mesh/D002857Q000737 
650 2 |a Chromium  |x therapeutic use.  |0 https://id.nlm.nih.gov/mesh/D002857Q000627 
650 2 |a Chromium  |x toxicity.  |0 https://id.nlm.nih.gov/mesh/D002857Q000633 
650 7 |a MEDICAL / Pharmacology.  |2 bisacsh 
655 7 |a Electronic books.  |2 local 
776 0 8 |i Print version:  |a Vincent, John B. (John Bertram)  |t Bioinorganic chemistry of chromium  |d Chichester, West Sussex : John Wiley & Sons, 2012  |z 9781617036828  |w (DLC) 2012022691 
830 0 |a Wiley Online Library. 
856 4 0 |u http://proxy.library.tamu.edu/login?url=https://dx.doi.org/10.1002/9781118458891  |z Connect to the full text of this electronic book  |t 0 
948 |a cataloged  |b h  |c 2012/11/30  |d c  |e jlanham  |f 11:39:35 am 
994 |a C0  |b TXA 
999 |a MARS 
999 f f |s f371a389-e2b9-3f59-9723-4f4de32c2a7b  |i 7cd7285a-6ddb-3e8d-8cc8-5848d8aca875  |t 0 
952 f f |a Texas A&M University  |b College Station  |c Electronic Resources  |d Available Online  |t 0  |e QD181.C7 V56 2013eb  |h Library of Congress classification 
998 f f |a QD181.C7 V56 2013eb  |t 0  |l Available Online